<?xml version="1.0" encoding="UTF-8"?>
<record
    xmlns:xsi="http://www.w3.org/2001/XMLSchema-instance"
    xsi:schemaLocation="http://www.loc.gov/MARC21/slim http://www.loc.gov/standards/marcxml/schema/MARC21slim.xsd"
    xmlns="http://www.loc.gov/MARC21/slim">

  <leader>01716nam a2200277Ia 4500</leader>
  <controlfield tag="003">OSt</controlfield>
  <controlfield tag="005">20221207143127.0</controlfield>
  <controlfield tag="008">210310s1978    sp     fr     001 0 spa d</controlfield>
  <datafield tag="020" ind1=" " ind2=" ">
    <subfield code="a">8403180039</subfield>
  </datafield>
  <datafield tag="040" ind1=" " ind2=" ">
    <subfield code="a">CO-JMCR</subfield>
    <subfield code="c">CO-JMCR</subfield>
  </datafield>
  <datafield tag="041" ind1="1" ind2=" ">
    <subfield code="a">spa</subfield>
    <subfield code="h">eng</subfield>
  </datafield>
  <datafield tag="082" ind1="0" ind2="4">
    <subfield code="2">23</subfield>
    <subfield code="a">517.77 /</subfield>
    <subfield code="b">A425a</subfield>
  </datafield>
  <datafield tag="100" ind1="1" ind2=" ">
    <subfield code="a">Allen, Roy George Douglas, </subfield>
    <subfield code="9">18057</subfield>
    <subfield code="e">autor</subfield>
  </datafield>
  <datafield tag="245" ind1="1" ind2="0">
    <subfield code="a">An&#xE1;lisis matem&#xE1;tico para economistas / </subfield>
    <subfield code="c">R.G.D. Allen ; traducci&#xF3;n, adaptaci&#xF3;n y notas por Emilio de Figueroa</subfield>
  </datafield>
  <datafield tag="250" ind1=" " ind2=" ">
    <subfield code="a">Octava edici&#xF3;n</subfield>
  </datafield>
  <datafield tag="260" ind1=" " ind2=" ">
    <subfield code="a">Madrid : </subfield>
    <subfield code="b">Aguilar, </subfield>
    <subfield code="c">1978</subfield>
  </datafield>
  <datafield tag="300" ind1=" " ind2=" ">
    <subfield code="a">xxiii, 548 p&#xE1;ginas ; </subfield>
    <subfield code="c">22 cm</subfield>
  </datafield>
  <datafield tag="490" ind1="0" ind2=" ">
    <subfield code="a">Biblioteca de ciencias sociales: secci&#xF3;n econom&#xED;a</subfield>
  </datafield>
  <datafield tag="500" ind1=" " ind2=" ">
    <subfield code="a">Incluye &#xED;ndice de autores y de materias</subfield>
  </datafield>
  <datafield tag="504" ind1=" " ind2=" ">
    <subfield code="a">Bibliograf&#xED;a: p&#xE1;ginas xxi-xxiii</subfield>
  </datafield>
  <datafield tag="505" ind1="0" ind2=" ">
    <subfield code="a">N&#xFA;meros y variables -- Funciones: su representaci&#xF3;n gr&#xE1;fica -- Geometr&#xED;a anal&#xED;tica elemental -- L&#xED;mites y continuidad de las funciones -- Funciones y diagramas en la teor&#xED;a econ&#xF3;mica -- Derivadas y su interpretaci&#xF3;n -- La t&#xE9;cnica de la derivaci&#xF3;n -- Aplicaci&#xF3;n de las derivadas -- Funciones exponencial y logar&#xED;tmica -- Funciones de dos o m&#xE1;s variables -- Derivadas parciales y sus aplicaciones -- Diferenciales y diferenciaci&#xF3;n -- Problemas de m&#xE1;ximos y m&#xED;nimos -- Integrales de funciones de una variable -- Ecuaciones diferenciales -- Desarrollos en serie, f&#xF3;rmula de Taylor y diferenciales de orden superior -- Determinantes, ecuaciones lineales y formas cuadr&#xE1;ticas -- Nuevos problemas de m&#xE1;ximos y m&#xED;nimos -- Algunos problemas de c&#xE1;lculo de variaciones</subfield>
  </datafield>
  <datafield tag="546" ind1=" " ind2=" ">
    <subfield code="a">Traducido del ingl&#xE9;s</subfield>
  </datafield>
  <datafield tag="650" ind1="1" ind2="4">
    <subfield code="a">An&#xE1;lisis matem&#xE1;tico</subfield>
    <subfield code="9">34759</subfield>
  </datafield>
  <datafield tag="700" ind1="1" ind2=" ">
    <subfield code="a">Figueroa, Emilio de, </subfield>
    <subfield code="e">traductor</subfield>
    <subfield code="9">4853</subfield>
  </datafield>
  <datafield tag="942" ind1=" " ind2=" ">
    <subfield code="2">ddc</subfield>
    <subfield code="c">BK</subfield>
  </datafield>
  <datafield tag="999" ind1=" " ind2=" ">
    <subfield code="c">14900</subfield>
    <subfield code="d">14900</subfield>
  </datafield>
  <datafield tag="952" ind1=" " ind2=" ">
    <subfield code="0">0</subfield>
    <subfield code="1">0</subfield>
    <subfield code="2">ddc</subfield>
    <subfield code="4">0</subfield>
    <subfield code="7">0</subfield>
    <subfield code="a">CPL</subfield>
    <subfield code="b">CPL</subfield>
    <subfield code="d">2021-03-10</subfield>
    <subfield code="e">Donaci&#xF3;n</subfield>
    <subfield code="l">1</subfield>
    <subfield code="o">517.77 / A425a</subfield>
    <subfield code="p">201811727</subfield>
    <subfield code="r">2024-07-04 08:54:09</subfield>
    <subfield code="s">2024-06-26</subfield>
    <subfield code="t">Ej.1</subfield>
    <subfield code="w">2021-03-10</subfield>
    <subfield code="y">BK</subfield>
  </datafield>
</record>
